Normal view
MARC view
Entry Topical Term
001 - CONTROL NUMBER
- control field: 460
003 - CONTROL NUMBER IDENTIFIER
- control field: csc
005 - DATE AND TIME OF LATEST TRANSACTION
- control field: 20140507162050.0
008 - FIXED-LENGTH DATA ELEMENTS
- fixed length control field: 111007|||a|||||| | ||| d
040 ## - CATALOGING SOURCE
- Original cataloging agency: csc
- Transcribing agency: csc
150 ## - HEADING--TOPICAL TERM
- Topical term or geographic name entry element: Ethics.
670 ## - SOURCE DATA FOUND
- Source citation: Work cat.: (csc)244: Hegel, Georg Wilhelm Friedrich, 1770-1831. 784, Outlines of the philosophy of right /, 2008.